000 00847nmm a2200277 a 4500
001 ocm0001256973
003 TR-IsHL
005 20201028160802.0
008 160715s2013 tu tur
007 cr cn
020 _a9786054205844
035 _a1256973
_b(N$T)
050 0 4 _aTK5105.8885.A26
_bA38 2013
090 0 4 _aTK5105.8885.A26
_bA38 2013
100 1 _aAktaş, Volkan
245 1 0 _aAsp.net mvc4
_h[electronic resource] /
_cVolkan Aktaş
250 _a2. basım
260 _aİstanbul :
_bKodlab Yayınevi,
_c2013
300 _a348 p.
650 4 _aBilgisayar
650 4 _aComputer Sciences
650 0 _aAktif sunucu sayfaları
650 0 _aActive server pages
650 7 _aCOMPUTERS / Web / Design
_2bisacsh
856 4 0 _uhttp://search.ebscohost.com/login.aspx?direct=true&scope=site&db=e011xww&AN=1256973
999 _c13782
_d13782